Need For Speed Underground 2 - Carte - Statistiques

Statistiques générales
  • Ce quiz a été pris 20 fois
  • Le résultat moyen est 8 sur 17
Statistiques - réponses
Symbole Signification % Correct
Point violet Garage
88%
Cercle jaune fluo Drift
81%
Cercle vert Sprint
75%
Cercle violet Circuit
69%
Cercle indigo Drag
69%
Point rouge Atelier Peinture
56%
Point bleu Atelier Performance
56%
Point bleu pale Concession
50%
Point vert Atelier Style
44%
Cercle bleu pale Street X
44%
Croix Course sponsorisé
38%
Triangle orange Voiture de l'adversaire
38%
Cercle orange 4x4
31%
Point jaune Atelier Habitacle
31%
Cercle jaune CCU
31%
Triangle vert Ta voiture
19%
Etoile Épreuve Spéciale
13%
Aucun quiz correspondant
Distribution des résultats
% des personnes avec chaque résultat
Percentile par nombre de réponses
Votre historique - résultats
Vous n’avez pas pris ce quiz